| 000 | 01263nam a2200289 4500 | ||
|---|---|---|---|
| 001 | 174547 | ||
| 003 | ES-MaACL | ||
| 005 | 20250709063226.0 | ||
| 008 | 100505s1758 sp p |||| | spa d | ||
| 080 | _a27(460.25) | ||
| 080 | _a27(460.18) | ||
| 080 | _a27(469) | ||
| 100 | 1 |
_aFlórez, Enrique, _d1702-1773 _9142679 |
|
| 240 | 1 | 0 | _aEspaña sagrada |
| 245 | 1 | 0 |
_aEspaña sagrada. _nTomo XIV, _pLas iglesias de Abila, Caliabria, Coria y otras _b: theatro geographico historico de la Iglesia de España : origen, divisiones, y limites de todas sus Provincias, Antiguedad, Traslaciones, y estado antiguo y presente de sus Sillas, con varias Dissertaciones criticas / _csu autor Henrique Florez. |
| 260 |
_aMadrid : _ben la oficina de Antonio Marin, _c1758. |
||
| 300 |
_a[16], 483 p., [1] h. de grab. pleg. ; _c20 cm. |
||
| 500 | _aApéndices, p. 359-475. | ||
| 500 | _aPortada recortada con sello pegado. | ||
| 546 | _aTexto en latín, p. 371 a 432. | ||
| 651 | 4 |
_aExtremadura- _xHistoria eclesiastica. _9142705 |
|
| 651 | 4 |
_aCastilla y León- _xHistoria eclesiástica. _9142706 |
|
| 651 | 4 |
_aPortugal- _xHistoria eclesiastica. _9142707 |
|
| 852 | 4 |
_aES-MaACL _jR-1617-69 _x C-16767-818 |
|
| 999 |
_c174547 _d174547 |
||